Chemical mobility and reactivity in soil systems : proceedings of a symposium /
Guardado en:
| Autor Corporativo: | |
|---|---|
| Otros Autores: | |
| Formato: | Libro |
| Idioma: | English |
| Publicado: |
Madison, Wis. :
Soil Science Society of America : American Society of Agronomy,
1983.
|
| Series: | SSSA special publication ;
no. 11 |
| Acceso en línea: | Tabla de contenidos |
| Etiquetas: |
Agregar Etiqueta
Sin Etiquetas, Sea el primero en etiquetar este registro!
|
| LEADER | 01239nam a2200229 a 4500 | ||
|---|---|---|---|
| 001 | EEA.libagro010243 | ||
| 005 | 20171222131255.0 | ||
| 008 | 850124s1983####wiua#####b####100#0#eng## | ||
| 010 | |a 83071451 | ||
| 020 | |a 0891187715 | ||
| 040 | |a DLC |c DLC |d DLC | ||
| 050 | 0 | 0 | |a S592.5 |b .C45 1983 |
| 082 | 0 | 0 | |a 631.41 |
| 245 | 0 | 0 | |a Chemical mobility and reactivity in soil systems : |b proceedings of a symposium / |c sponsored by Divisions S-1, S-2, and A-5 of the American Society of Agronomy and the Soil Science Society of America in Atlanta, Georgia, 29 Nov.-3 Dec. 1981 ; editorial committee, D.W. Nelson, chmn., D.E. Elrick, K.K. Tanji ; managing editor, David M. Kral ; assistant editor, Sherri L. Hawkins. |
| 260 | |a Madison, Wis. : |b Soil Science Society of America : |b American Society of Agronomy, |c 1983. | ||
| 300 | |a ix, 262 p. : |b il. ; |c 23 cm. | ||
| 440 | 0 | |a SSSA special publication ; |v no. 11 | |
| 504 | |a Incluye referencias bibliográficas. | ||
| 700 | 1 | |a Nelson, D. W. |q (Darrell W.) | |
| 710 | 2 | |a American Society of Agronomy. |b Division S-1. | |
| 856 | |u https://dl.sciencesocieties.org/publications/books/pdfs/sssaspecialpubl/chemicalmobilit/frontmatter |3 Tabla de contenidos | ||
| 859 | |a AR-BbBCA |b BIB. AGRONOMIA |h 631.41 |i S683-1 |p 1998/3218 | ||
